000
00331nam a22001457a 4500
020
_a
978-1-4737-6972-4
082
_a
658
100
_a
Cole, G. A.
245
_a
Management Theory and Practice
250
_a
9th
260
_a
Andocer:
_b
Cengage,
_c
2020
300
_a
xi, 692p.: ill.; 26cm
700
_a
Kelly, Phill
942
_c
BK
999
_c
22178
_d
22178